TAC - Premiers secours - Statistiques

Statistiques générales
  • Ce quiz a été pris 139 fois
  • Le résultat moyen est 8 sur 10
Statistiques - réponses
Hint Réponse % Correct
Les ambulanciers peuvent amener les animaux chez le vétérinaire, vrai ou faux? Faux
95%
Nombre de compressions à faire dans une séquence de RCR. 30
93%
Un pouls faible, une tension artérielle faible, l'hypothermie et les muqueuses pâles sont signe de l'... État de choc
91%
Quelle complication vient avec la diarrhée? Déshydratation
81%
Quel est l'autre nom pour la manoeuvre de désobstruction? Heimlich
80%
Quel ingrédient se retrouve dans les shampooings anti-moufette pour neutraliser l'odeur? Peroxyde
77%
Lorsqu'un chien est en coup de chaleur je peux envelopper le chien dans une couverture imbibée d'eau... Tiède-froide
74%
Quel est le nom commercial de la poudre hémostatique la plus utilisée. Kwik Stop
72%
Quelle est la solution aux blessures-musculosquelettiques? Repos
69%
Condition qui peut être réglée par une gastropexie préventive. Torsion gastrique
65%
Aucun quiz correspondant
Distribution des résultats
% des personnes avec chaque résultat
Percentile par nombre de réponses
Votre historique - résultats
Vous n’avez pas pris ce quiz